000 00539nam a2200217Ia 4500
003 OSt
005 20220918192550.0
006 a|||||r|||| 00| 0
007 ta
008 220917b |||||||| |||| 00| 0 eng d
024 _a69,041
037 _cTextual
040 _aARTS
_cARTS
_beng
041 _2eng
_aeng
082 _aR3:Q:31, J1
100 _aUrban Wilbur Marshall
_968521
245 0 _aHumanity and deity
260 _c1951
942 _hR3:Q:31, J1
_cTEXL
_2CC
999 _c195204
_d195204